000
00249nam a22000977a 4500
999
_c
516804
_d
516804
082
_a
TNC
100
_a
Thara, L. (ed.)
_9
23516
245
_a
Ageing :
_b
Indian perspective
_c
edited by L. Thara
260
_a
New Delhi
_b
Decent Books
_c
2002
300
_a
350p.